Color psychology and color therapy; (Record no. 352673)

000 -LEADER
fixed length control field 00769 a2200241 4500
003 - CONTROL NUMBER IDENTIFIER
control field OSt
005 - DATE AND TIME OF LATEST TRANSACTION
control field 20180116192341.0
008 - FIXED-LENGTH DATA ELEMENTS--GENERAL INFORMATION
fixed length control field 120525t xxu||||| |||| 00| 0 eng d
010 ## - LIBRARY OF CONGRESS CONTROL NUMBER
LC control number 61014266
020 ## - INTERNATIONAL STANDARD BOOK NUMBER
International Standard Book Number 1425424104
020 ## - INTERNATIONAL STANDARD BOOK NUMBER
International Standard Book Number 9781425424107
040 ## - CATALOGING SOURCE
Transcribing agency 0
082 00 - DEWEY DECIMAL CLASSIFICATION NUMBER
Classification number 150
100 1# - MAIN ENTRY--PERSONAL NAME
Personal name Birren, Faber,
9 (RLIN) 2235
245 00 - TITLE STATEMENT
Title Color psychology and color therapy;
Remainder of title a factual study of the influence of color on human life.
260 ## - PUBLICATION, DISTRIBUTION, ETC.
Place of publication, distribution, etc. New Hyde Park, N.Y.,
Name of publisher, distributor, etc. University Books.
Date of publication, distribution, etc. [1961],
300 ## - PHYSICAL DESCRIPTION
Extent 302 p.:
Other physical details illus.;
Dimensions 24 cm.
500 ## - GENERAL NOTE
General note Includes index .
650 #0 - SUBJECT ADDED ENTRY--TOPICAL TERM
Topical term or geographic name entry element Color
General subdivision Psychological aspects.
9 (RLIN) 2236
650 #0 - SUBJECT ADDED ENTRY--TOPICAL TERM
Topical term or geographic name entry element Color
Chronological subdivision Therapeutic use
9 (RLIN) 2237
942 ## - ADDED ENTRY ELEMENTS (KOHA)
Institution code [OBSOLETE] SADA
Koha item type Book
Call number prefix 150 BIR 1964
Source of classification or shelving scheme
Holdings
Withdrawn status Lost status Source of classification or shelving scheme Damaged status Not for loan Permanent Location Current Location Date acquired Total Checkouts Full call number Barcode Date last seen Date last checked out Cost, replacement price Price effective from Koha item type
          School of Art Design and Architecture (SADA) School of Art Design and Architecture (SADA) 03/11/2011 2 150 BIR 1964 SADA0000658 10/24/2025 02/18/2025 2925.00 08/05/2011 Book
© 2023 Central Library, National University of Sciences and Technology. All Rights Reserved.